000 00429pab a2200169 454500
008 180718b2001 xxu||||| |||| 00| 0 eng d
100 _aJha, Prem Shankar
245 _aDemocracy, globalisation and war: new myths to save the West from the rest
260 _c2001
300 _ap.26-47
362 _aApr-Jun
650 _aGlobalization
650 _aDemocracy
650 _aWar
773 _aWorld Affairs
909 _a49309
999 _c49309
_d49309